Zimný pobyt, horúce poznatky

Guardado en:
Detalles Bibliográficos
Autor principal: Vančíková, Jana
Formato: Capítulo de libro
Lenguaje:eslovaco
Etiquetas: Agregar Etiqueta
Sin Etiquetas, Sea el primero en etiquetar este registro!

MARC

LEADER 00000naa$a2200000$$$4500
001 0067169
005 20240502071814.6
041 0 |a slo 
044 |a SK 
245 1 0 |a Zimný pobyt, horúce poznatky  |c Jana Vančíková 
100 1 |a Vančíková, Jana